[Event "Nizhnij Novgorod Dubinin Memorial 18th"]
[Site "Nizhnij Novgorod"]
[Date "2011.01.03"]
[Round "?"]
[White "Karasev, Georgy"]
[Black "Alenin, Dmitry"]
[Result "0-1"]
[WhiteElo "1821"]
[BlackElo "2061"]
[PlyCount "30"]
[EventDate "2011.01.03"]
[EventType "swiss"]
[EventRounds "9"]
[EventCountry "RUS"]
[SourceTitle "EXT 2012"]
[Source "ChessBase"]
[SourceDate "2011.11.24"]
[SourceVersion "1"]
[SourceVersionDate "2011.11.24"]
[SourceQuality "1"]

1. d4 Nf6 2. c4 g6 3. Nc3 Bg7 4. e3 d6 5. Bd2 0-0 6. Be2 e5 7. dxe5 dxe5 8. e4 Nc6 9. Nf3 Bg4 10. 0-0 Bxf3 11. Bxf3 Nd4 12. Bg5 c6 13. g3 Qb6 14. b3 Rad8 15. Bg2 Ne6 0-1

[Event "Nizhnij Novgorod Region-ch op"]
[Site "Nizhnij Novgorod"]
[Date "2008.10.??"]
[Round "4"]
[White "Alenin, Dmitry"]
[Black "Shulakova, Svetlana"]
[Result "1/2-1/2"]
[WhiteElo "2079"]
[BlackElo "2151"]
[PlyCount "61"]
[EventDate "2008.10.04"]
[EventType "swiss"]
[EventRounds "9"]
[EventCountry "RUS"]
[SourceTitle "EXT 2022"]
[Source "ChessBase"]
[SourceDate "2021.10.06"]
[SourceVersion "1"]
[SourceVersionDate "2021.10.06"]
[SourceQuality "1"]

1. e4 c5 2. Nf3 e6 3. d4 cxd4 4. Nxd4 Nf6 5. Nc3 d6 6. Be3 Nc6 7. Be2 Be7 8. 0-0 0-0 9. Qd2 e5 10. Nb3 Be6 11. Rad1 a6 12. f4 exf4 13. Bxf4 Ne5 14. Kh1 b5 15. Nd4 b4 16. Nd5 Nxd5 17. Nxe6 fxe6 18. exd5 exd5 19. Qxb4 Qc7 20. Qd2 Kh8 21. c3 Nc4 22. Bxc4 dxc4 23. Rfe1 Rab8 24. Bxd6 Bxd6 25. Qxd6 Qxd6 26. Rxd6 Rxb2 27. Rxa6 h6 28. Rc6 Rff2 29. Rg1 Rxa2 30. Rxc4 Rfc2 31. h3 1/2-1/2

[Event "Nizhnij Novgorod Voroniatov Memor 4th"]
[Site "Nizhnij Novgorod"]
[Date "2007.06.11"]
[Round "?"]
[White "Alenin, Dmitry"]
[Black "Marsak, Viktor D"]
[Result "1/2-1/2"]
[WhiteElo "2068"]
[BlackElo "2100"]
[PlyCount "40"]
[EventDate "2007.06.11"]
[EventType "swiss"]
[EventRounds "9"]
[EventCountry "RUS"]
[SourceTitle "EXT 2022"]
[Source "ChessBase"]
[SourceDate "2021.10.06"]
[SourceVersion "1"]
[SourceVersionDate "2021.10.06"]
[SourceQuality "1"]

1. e4 e5 2. Nc3 Nc6 3. g3 h5 4. Bg2 h4 5. d3 Bc5 6. Na4 Be7 7. g4 d6 8. h3 Be6 9. Nc3 Bg5 10. Nd5 Bxc1 11. Qxc1 Bxd5 12. exd5 Nce7 13. Ne2 Nf6 14. c4 Ng6 15. Be4 Nxe4 16. dxe4 Qf6 17. Qe3 Nf4 18. 0-0-0 Ng2 19. Qb3 Qxf2 20. Qb5+ Ke7 1/2-1/2